• 首页
  • 本馆介绍
  • 公告通知
  • 最新文献
  • 馆藏检索
  • 电子资源
  • 读者导购
  • 参考咨询
  • 我的图书馆
  • 登录
  • 详细信息显示
  • 放入我的书架
  • 预约/预借图书
  • 作者相关作品
  • 分类相关作品
  • 丛书相关作品
  • 出版社相关作品

书目信息

  • 表格格式
  • 工作单格式
  • 卡片格式
题名:
管理数学方法
    
 
作者: 张盛开 编著
分册:  
出版信息: 北京   机械工业出版社  1985
页数: 318页
开本: 19cm
丛书名:
单 册:
中图分类: C93
科图分类:
主题词: 管理学
电子资源:
ISBN:
000 00615nam0 2200229 45
001 0185000945
005 20060105150208.68
010    @dCNY2.35
091    @a15033.6148
100    @a19900921d1985 emky0chiy0121 ea
101 0  @achi
102    @aCN@b110000
105    @ay z 000yy
200 10 @a管理数学方法@Aguan li shu xue fang fa@f张盛开等编著@Fzhang sheng kai deng bian zhu
210    @a北京@c机械工业出版社@d1985
215    @a318页@d19cm
606 0  @a管理学
690    @aC93@v3
701  0 @a张盛开@4编著
801  2 @aCN@bNLC@c20060105
801  0 @aCN@b深圳图书馆@c20040505
905    @dC93@e11@f1@b147019
    
    管理数学方法/张盛开等编著.-北京:机械工业出版社,1985
    318页;19cm
    
    
    ISBN :CNY2.35
    
●
相关链接 在E读中查询图书 在五车中查询图书 在当当中查询图书 在豆瓣中查询图书


正题名:管理数学方法     索取号:C93/11         预约/预借

序号 登录号 条形码 馆藏地/架位号 状态 备注
1 0147015   202186767   密集书库/ [索取号:C93/11] 在馆    
2 0147016   202186455   密集书库/ [索取号:C93/11] 在馆    
3 0147017   001029906   密集书库/ [索取号:C93/11] 在馆    
4 0147018   001029924   密集书库/ [索取号:C93/11] 在馆    
5 0147019   001029915   第一样本阅览室/ [索取号:C93/11] 在馆    
唐山师范学院图书馆 欢迎您!
大连网信软件有限公司© 版权所有